000 00665cam a2200217 a 4500
020 _a0132281732
020 _a0132416514 (pie)
020 _a9780132281737
020 _a9780132416511 (pie)
082 0 0 _a620.3
_bINM
_cL-5, P-78.
100 1 _aInman, D. J.
_935878
245 1 0 _aEngineering vibration /
_cDaniel J. Inman.
250 _a3rd. ed.
260 _aUpper Saddle River, N.J. :
_bPearson Prentice Hall,
_cc2008.
300 _axiv, 669 p. :
_bill. ;
_c25 cm.
526 _a0
_b0
_c0
_d620_300000000000000_INM
650 0 _aMCE
_9379
650 0 _aVibration.
_939230
856 4 1 _uhttp://www.loc.gov/catdir/toc/ecip0714/2007013445.html
942 _2ddc
_cBK
999 _c545167
_d545167